Statistics for Flag for lande, der starter med B

Click here to take the quiz!

General Stats

  • This quiz has been taken 5 times
  • The average score is 11 of 16

Answer Stats

Answer% Correct
Bangladesh
100%
Brasilien
100%
Burkina Faso
100%
Bahamas
67%
Bahrain
67%
Barbados
67%
Belgien
67%
Benin
67%
Bhutan
67%
Bolivia
67%
Bosnien-Hercegovina
67%
Botswana
67%
Brunei
67%
Bulgarien
67%
Burundi
67%
Belize
33%

Score Distribution

Percentile by Number Answered

Percent of People with Each Score

Your Score History

You have not taken this quiz